[Event "IECC CL6-2001.05"]
[Site "IECC email"]
[Date "2001.01.29"]
[Round "?"]
[White "Main, David"]
[Black "Franz, Marty"]
[Result "0-1"]
[WhiteElo "1381"]
[BlackElo "1288"]
[PlyCount "98"]
[EventDate "2001.??.??"]
[EventType "tourn (corr)"]
[EventRounds "4"]
[SourceTitle "Corr 2008"]
[Source "ChessBase"]
[SourceDate "2008.06.24"]
[SourceVersion "1"]
[SourceVersionDate "2008.06.24"]
[SourceQuality "1"]

1. e4 e5 2. Nf3 Nc6 3. Bc4 Bc5 4. d3 Nf6 5. Nc3 0-0 6. Be3 Bxe3 7. fxe3 d6 8. 0-0 Na5 9. Nd2 Nxc4 10. Nxc4 Bg4 11. Qe1 a6 12. d4 b5 13. Na5 c5 14. Nc6 Qe8 15. dxe5 dxe5 16. Na5 Qd8 17. Nb3 Rc8 18. Qh4 c4 19. Nc1 b4 20. N3e2 Bxe2 21. Nxe2 Qd2 22. Ng3 Qxe3+ 23. Rf2 g5 24. Qh3 Nxe4 25. Nxe4 Qxe4 26. Raf1 Rcd8 27. Qh5 f6 28. h3 Qd4 29. Kh2 Rd6 30. b3 cxb3 31. cxb3 e4 32. Re2 e3 33. Qf3 Re8 34. Rfe1 Rde6 35. Qb7 f5 36. Rf1 f4 37. g3 Qd3 38. Qf3 fxg3+ 39. Kxg3 Qd6+ 40. Kg2 Rf8 41. Qxf8+ Qxf8 42. Rxf8+ Kxf8 43. Kf3 h5 44. Rxe3 Rxe3+ 45. Kxe3 Kf7 46. Ke4 Kf6 47. Ke3 Ke5 48. Kf3 Kd4 49. Ke2 Kc3 0-1

[Event "IECC M email"]
[Site "IECC email"]
[Date "2000.09.02"]
[Round "?"]
[White "Ewart, Dave"]
[Black "Franz, Marty"]
[Result "1-0"]
[WhiteElo "1357"]
[BlackElo "1226"]
[PlyCount "89"]
[EventDate "2000.??.??"]
[EventType "tourn (corr)"]
[EventRounds "2"]
[SourceTitle "Corr 2008"]
[Source "ChessBase"]
[SourceDate "2008.06.24"]
[SourceVersion "1"]
[SourceVersionDate "2008.06.24"]
[SourceQuality "1"]

1. e4 Nc6 2. d4 e5 3. dxe5 Nxe5 4. Nc3 Bc5 5. Be2 d6 6. Na4 Nd7 7. Nf3 Ngf6 8. Nxc5 Nxc5 9. e5 Nfe4 10. exd6 Qxd6 11. Qxd6 Nxd6 12. Be3 Nce4 13. Nh4 Be6 14. f3 Nf6 15. 0-0-0 0-0 16. Rhe1 Rfe8 17. Bg5 Nd7 18. Bf4 Rad8 19. Bxd6 cxd6 20. f4 Nf6 21. Bb5 Rf8 22. Rd4 a6 23. Bd3 Rfe8 24. f5 Bxa2 25. Rxe8+ Rxe8 26. b3 Re1+ 27. Kb2 Bxb3 28. cxb3 d5 29. Nf3 Re8 30. Kc3 Kf8 31. Ra4 Ke7 32. Kd4 Kd6 33. Ra5 h5 34. Rc5 Re3 35. Rc8 Re7 36. Rd8+ Rd7 37. Rxd7+ Nxd7 38. Be2 g6 39. fxg6 fxg6 40. b4 Nb8 41. Ne5 b6 42. Bf3 Nc6+ 43. Nxc6 Kxc6 44. Bxd5+ Kd6 45. Bf7 1-0

[Event "IECC TH-T email"]
[Site "IECC email"]
[Date "2000.05.14"]
[Round "?"]
[White "Avy, Jean Pierre"]
[Black "Franz, Marty"]
[Result "0-1"]
[WhiteElo "1124"]
[BlackElo "1189"]
[PlyCount "42"]
[EventDate "2000.??.??"]
[EventType "match (corr)"]
[EventRounds "2"]
[SourceTitle "Corr 2008"]
[Source "ChessBase"]
[SourceDate "2008.06.24"]
[SourceVersion "1"]
[SourceVersionDate "2008.06.24"]
[SourceQuality "1"]

1. d4 d5 2. Nf3 Nf6 3. e3 e6 4. Bd3 c5 5. c3 Nbd7 6. Nbd2 Bd6 7. 0-0 0-0 8. Re1 Qc7 9. e4 cxd4 10. cxd4 dxe4 11. Nxe4 Nxe4 12. Bxe4 Nf6 13. Bd3 Bd7 14. Ne5 Nd5 15. Qg4 f5 16. Qh4 Bb4 17. Re2 Be7 18. Bg5 Bxg5 19. Qxg5 Rac8 20. Ree1 Rfd8 21. Rac1 Qd6 0-1

[Event "IECC CL6-2000.09"]
[Site "IECC email"]
[Date "2000.02.13"]
[Round "?"]
[White "Franz, Marty"]
[Black "Oliveira, Ricardo Jorge GB"]
[Result "1/2-1/2"]
[WhiteElo "1149"]
[BlackElo "1274"]
[PlyCount "54"]
[EventDate "2000.??.??"]
[EventType "tourn (corr)"]
[EventRounds "4"]
[SourceTitle "Corr 2008"]
[Source "ChessBase"]
[SourceDate "2008.06.24"]
[SourceVersion "1"]
[SourceVersionDate "2008.06.24"]
[SourceQuality "1"]

1. d4 d5 2. Nf3 Bg4 3. e3 Nf6 4. Nbd2 Nbd7 5. c4 e5 6. dxe5 Nxe5 7. Qa4+ Bd7 8. Qb3 Nxf3+ 9. Nxf3 Bc6 10. Nd4 Qd7 11. Nxc6 Qxc6 12. cxd5 Qxd5 13. Qxd5 Nxd5 14. Bd2 Rd8 15. Rc1 Bd6 16. e4 Nf6 17. Bd3 Bxh2 18. Bb5+ c6 19. Bxc6+ bxc6 20. Rxh2 Nxe4 21. Be3 Rd6 22. Bxa7 Kd7 23. Be3 h6 24. Rd1 Rxd1+ 25. Kxd1 Ra8 26. a3 Nd6 27. Rh4 Nf5 1/2-1/2

[Event "IECC M email"]
[Site "IECC email"]
[Date "2000.02.10"]
[Round "?"]
[White "Franz, Marty"]
[Black "Gnuva, Luca"]
[Result "1-0"]
[WhiteElo "1157"]
[BlackElo "1217"]
[PlyCount "97"]
[EventDate "2000.??.??"]
[EventType "tourn (corr)"]
[EventRounds "2"]
[SourceTitle "Corr 2008"]
[Source "ChessBase"]
[SourceDate "2008.06.24"]
[SourceVersion "1"]
[SourceVersionDate "2008.06.24"]
[SourceQuality "1"]

1. d4 d5 2. Nf3 Nf6 3. e3 e6 4. Bd3 Nbd7 5. Nbd2 c5 6. c3 b6 7. 0-0 Be7 8. Re1 0-0 9. e4 Bb7 10. e5 Nh5 11. Nf1 c4 12. Bc2 g6 13. Bh6 Ng7 14. Ng3 Re8 15. Qd2 f6 16. exf6 Bxf6 17. Bf4 b5 18. a4 a6 19. axb5 axb5 20. Rxa8 Bxa8 21. Ra1 e5 22. Nxe5 Nxe5 23. dxe5 Bxe5 24. Bxe5 Rxe5 25. Ne2 Qe8 26. Nd4 Bc6 27. Nxc6 Qxc6 28. Ra7 Qe6 29. Kf1 Nf5 30. Ra8+ Kg7 31. Rb8 Nd6 32. Rb6 Ne4 33. Rb7+ Kh8 34. Bxe4 Rxe4 35. Rxb5 Re5 36. Rb8+ Kg7 37. h3 g5 38. Rb7+ Kh8 39. Qd4 Kg8 40. Kg1 Re1+ 41. Kh2 Qe5+ 42. Qxe5 Rxe5 43. Kg3 h5 44. h4 gxh4+ 45. Kxh4 Re2 46. Kxh5 Rxf2 47. g4 Rf7 48. Rxf7 Kxf7 49. Kh6 1-0

[Event "IECC M email"]
[Site "IECC email"]
[Date "1999.12.02"]
[Round "?"]
[White "Franz, Marty"]
[Black "Devine, Stephen"]
[Result "1-0"]
[WhiteElo "1129"]
[BlackElo "1000"]
[PlyCount "37"]
[EventDate "1999.??.??"]
[EventType "tourn (corr)"]
[EventRounds "6"]
[SourceTitle "Corr 2008"]
[Source "ChessBase"]
[SourceDate "2008.06.24"]
[SourceVersion "1"]
[SourceVersionDate "2008.06.24"]
[SourceQuality "1"]

1. d4 Nf6 2. Nf3 d5 3. e3 e6 4. Bd3 c5 5. c3 Nc6 6. Nbd2 Bd6 7. 0-0 0-0 8. e4 cxd4 9. cxd4 dxe4 10. Nxe4 Be7 11. Nxf6+ Bxf6 12. Be3 Nxd4 13. Bxd4 Bxd4 14. Nxd4 Qxd4 15. Bxh7+ Kxh7 16. Qxd4 g6 17. Rfe1 b6 18. Re3 Bb7 19. Rh3+ 1-0

[Event "IECC M email"]
[Site "IECC email"]
[Date "1999.06.10"]
[Round "?"]
[White "Simner, David"]
[Black "Franz, Marty"]
[Result "1/2-1/2"]
[WhiteElo "1110"]
[BlackElo "1114"]
[PlyCount "53"]
[EventDate "1999.??.??"]
[EventType "tourn (corr)"]
[EventRounds "6"]
[SourceTitle "Corr 2008"]
[Source "ChessBase"]
[SourceDate "2008.06.24"]
[SourceVersion "1"]
[SourceVersionDate "2008.06.24"]
[SourceQuality "1"]

1. e4 d6 2. d4 Nf6 3. Nc3 Nbd7 4. Nf3 e5 5. Bc4 Be7 6. dxe5 Nxe5 7. Nxe5 dxe5 8. 0-0 Qxd1 9. Rxd1 c6 10. Be3 h6 11. Rd2 b5 12. Be2 Be6 13. f3 0-0 14. a3 Rfd8 15. Rad1 Rxd2 16. Rxd2 Nd7 17. Rd1 a5 18. h3 b4 19. axb4 axb4 20. Nb1 Ra2 21. Bc1 Nb6 22. Kf1 Na4 23. b3 Nc5 24. Bd2 Rxc2 25. Bxb4 Bxb3 26. Nd2 Be6 27. Nb1 1/2-1/2